000 00557nam a2200193 i 4500
001 bg
245 0 _aGeografia gospodarcza Polski :
_bpraca zbiorowa /
_cpod red. Ireny Fierli.
260 _aWarszawa :
_bPańst. Wydaw. Ekonomiczne,
_c1994.
300 _a320,[1] s. :
_bmapy, rys. ;
_c24 cm.
650 9 _aGeografia gospodarcza
_zPolska
700 1 _aFIERLA, Irena.
_eRed.
020 _a8320809290
040 _cBPK
041 _apol
080 _a914.38:33](075.8)
920 _a83-208-0929-0
942 _cKS
008 s pl f |000 0 pol
999 _c6444
_d6444
856 _uhttp://koha.tu.koszalin.pl/cgi-bin/koha/opac-detail.pl?biblionumber=6444
_yKatalog online BPK